El cristiano en la profesión
Guardat en:
| Autor principal: | |
|---|---|
| Format: | Llibre |
| Idioma: | espanyol |
| Publicat: |
Barcelona
herder
1970
|
| Matèries: | |
| Etiquetes: |
Afegir etiqueta
Sense etiquetes, Sigues el primer a etiquetar aquest registre!
|
MARC
| LEADER | 00000nam a2200000 a 4500 | ||
|---|---|---|---|
| 001 | UCS9925 | ||
| 003 | CL-VaPUC | ||
| 008 | 971121e19700000SP |||||||||||||||||spa|d | ||
| 082 | 0 | 4 | |a 174 |b AUE |2 21 |
| 100 | 0 | |a Auer, Alfons |e author |9 395170 | |
| 245 | 1 | 3 | |a El cristiano en la profesión |
| 300 | |a 387 p | ||
| 942 | |c BK | ||
| 945 | |d 19971121 00:00:00 |a aalvarez | ||
| 260 | |a Barcelona |b herder |c 1970 | ||
| 650 | 0 | |a Etica profesional |9 255694 | |
| 650 | 7 | |a PROFESIONES |2 CL-VaPUC |9 308231 | |
| 650 | 0 | |a Moral Profesional |9 395171 | |
| 583 | |a last modification |c 19971121 00:00:00 |k Rodrigo Vera | ||
| 999 | |c 263592 |d 263590 | ||
| 952 | |0 0 |1 0 |4 0 |6 174_000000000000000_AUE_1970 |7 0 |8 A |9 292938 |a BIBTEO |b BIBTEO |d 2019-11-19 |i 202490K |o 174 AUE 1970 |p 202490K |r 2025-01-17 |w 2019-11-19 |y BK |k ICR | ||